000 01953nam0a2200385 4500
001 RU\NLR\BIBL_A\022624884
005 20260420053625.0
010 _a978-5-4442-0205-0
_9300
021 _aRU
_bКН-П-25-045927
_9КН-П-25-4460
035 _a(NLR Aleph) 022624884
090 _a13684515
_c13684515
100 _a20250918d2025 u y0rusy50 ca
101 0 _arus
102 _aRU
105 _aa j 000yy
181 0 _ai
_baxxe
182 0 _an
200 1 _aУльтразвуковой контроль
_eучебное пособие
_eдля подготовки специалистов по неразрушающему контролю и технической диагностике
_fН. П. Алешин, В. Т. Бобров, Ю. В. Ланге, В. Г. Щербинский
_gпод общ. ред. акад. РАН В. В. Клюева
_gРос. о-во по неразрушающему контролю и техн. диагностике (РОНКТД)
203 _aТекст
_bвизуальный
_cнепосредственный
205 _a3-е изд.
210 _aМосква
_cСпектр
_d2025
215 _a223 с.
_cил.
_d24
225 1 _aДиагностика безопасности
320 _aБиблиогр.: с. 222-223 (34 назв.)
320 _aДругие кн. авторов на 4-й с. обл.
606 1 _aУльтразвуковая дефектоскопия
_jУчебные издания
_9964703
_3RU\NLR\AUTH\6641931
686 _aЖ3-1с322я7-1
701 1 _aАлешин
_bН. П.
_f1941-
_gНиколай Павлович
_4070
701 1 _aБобров
_bВ. Т.
_gВладимир Тимофеевич
_4070
701 1 _aЛанге
_bЮ. В.
_gЮлий Викторович
_4070
701 1 _aЩербинский
_bВ. Г.
_gВиктор Григорьевич
_4070
942 _cBOOK
980 _aNB